Etudes philosophiques et littéraires sur les "Misérables" de Victor Hugo / (Record no. 167749)

MARC details
000 -LEADER
campo de control de longitud fija 00718nam a2200181 i 4500
001 - NÚMERO DE CONTROL
campo de control 167749
003 - IDENTIFICADOR DE NÚMERO DE CONTROL
campo de control ES-MaACL
005 - FECHA Y HORA DE LA ÚLTIMA TRANSACCIÓN
campo de control 20250716043047.0
008 - DATOS DE LONGITUD FIJA--INFORMACIÓN GENERAL
campo de control de longitud fija 050928s1862 fr | |||||||| ||fre d
040 ## - FUENTE DE CATALOGACIÓN
Centro catalogador/agencia de origen CAM
Lengua de catalogación spa
Centro/agencia transcriptor CAM
100 1# - ENTRADA PRINCIPAL--NOMBRE DE PERSONA
Nombre de persona Voituron, Paul,
Fechas asociadas al nombre 1824-1891
9 (RLIN) 133824
245 10 - MENCIÓN DEL TÍTULO
Título Etudes philosophiques et littéraires sur les "Misérables" de Victor Hugo /
Mención de responsabilidad, etc. par Paul Voituron.
260 ## - PUBLICACIÓN, DISTRIBUCIÓN, ETC.
Lugar de publicación, distribución, etc. Paris :
Nombre del editor, distribuidor, etc. Pagnerre, libraire-éditeur ;
Lugar de publicación, distribución, etc. Gand :
Nombre del editor, distribuidor, etc. H. Hoste, libraire-éditeur,
Fecha de publicación, distribución, etc. 1862 (
Lugar de fabricación/manufactura Gand :
Fabricante Imp. de C. Annoot-Braeckman)
300 ## - DESCRIPCIÓN FÍSICA
Extensión XII, 191 p. ;
Dimensiones 17 cm.
600 17 - PUNTO DE ACCESO ADICIONAL DE MATERIA--NOMBRE DE PERSONA
Nombre de persona Hugo, Victor,
Fechas asociadas al nombre 1802-1885.
Título de la obra Les misérables
Fuente del encabezamiento o término
9 (RLIN) 145941
852 ## - LOCALIZACIÓN
Ubicación ES-MaACL
Número de control de estantería D-2448
Nota libre -- Enc. hol.
Holdings
Estatus retirado Estado de pérdida Estado de daño No para préstamo Colección Biblioteca de origen Biblioteca actual Ubicación en estantería Fecha de adquisición Fuente de adquisición Total de préstamos Signatura topográfica completa Código de barras Visto por última vez Precio de reemplazo Tipo de ítem Koha
        Libros del s. XIX Biblioteca del Ateneo de Madrid Biblioteca del Ateneo de Madrid Sala Valle Inclán 17/01/2008     D-2448 901175985 23/02/2023 23/02/2023 Libro impreso antiguo